<?xml version="1.0" encoding="UTF-8"?>
<record
    xmlns:xsi="http://www.w3.org/2001/XMLSchema-instance"
    xsi:schemaLocation="http://www.loc.gov/MARC21/slim http://www.loc.gov/standards/marcxml/schema/MARC21slim.xsd"
    xmlns="http://www.loc.gov/MARC21/slim">

  <leader>00534nam a22001817a 4500</leader>
  <datafield tag="999" ind1=" " ind2=" ">
    <subfield code="c">171063</subfield>
    <subfield code="d">171063</subfield>
  </datafield>
  <controlfield tag="005">20200105131724.0</controlfield>
  <datafield tag="010" ind1=" " ind2=" ">
    <subfield code="a">B-317338</subfield>
  </datafield>
  <datafield tag="020" ind1=" " ind2=" ">
    <subfield code="a">9788122507522</subfield>
    <subfield code="c">160.00</subfield>
  </datafield>
  <datafield tag="035" ind1=" " ind2=" ">
    <subfield code="a">B-317338</subfield>
  </datafield>
  <datafield tag="037" ind1=" " ind2=" ">
    <subfield code="b">DBAD/PUB</subfield>
  </datafield>
  <datafield tag="082" ind1=" " ind2=" ">
    <subfield code="a">338.7</subfield>
  </datafield>
  <datafield tag="100" ind1=" " ind2=" ">
    <subfield code="a">Chaturvedi,D.D.</subfield>
  </datafield>
  <datafield tag="245" ind1=" " ind2=" ">
    <subfield code="a">Business economics /</subfield>
    <subfield code="c">by D.D.Chaturvedi</subfield>
  </datafield>
  <datafield tag="260" ind1=" " ind2=" ">
    <subfield code="b">Brijwasi Book distributors&amp; Publishers</subfield>
    <subfield code="c">2006</subfield>
    <subfield code="a">New Delhi</subfield>
  </datafield>
  <datafield tag="270" ind1=" " ind2=" ">
    <subfield code="a">H-87, Lalita park, Luxmi Nagar, </subfield>
    <subfield code="b">New Delhi</subfield>
    <subfield code="e">110002</subfield>
  </datafield>
  <datafield tag="300" ind1=" " ind2=" ">
    <subfield code="a">222p.</subfield>
    <subfield code="c">23cm(pbk)</subfield>
  </datafield>
  <datafield tag="942" ind1=" " ind2=" ">
    <subfield code="2">ddc</subfield>
    <subfield code="c">EN</subfield>
    <subfield code="h">338.7</subfield>
  </datafield>
  <datafield tag="952" ind1=" " ind2=" ">
    <subfield code="0">0</subfield>
    <subfield code="1">0</subfield>
    <subfield code="4">0</subfield>
    <subfield code="7">0</subfield>
    <subfield code="8">NFIC</subfield>
    <subfield code="a">ZLS</subfield>
    <subfield code="b">ZLS</subfield>
    <subfield code="d">2020-01-05</subfield>
    <subfield code="g">160.00</subfield>
    <subfield code="l">0</subfield>
    <subfield code="o">338.7</subfield>
    <subfield code="p">B-317338</subfield>
    <subfield code="r">2020-01-05 00:00:00</subfield>
    <subfield code="v">160.00</subfield>
    <subfield code="w">2020-01-05</subfield>
    <subfield code="y">EN</subfield>
    <subfield code="z">Withdrawn List Prepared L.No.06/17</subfield>
  </datafield>
</record>
